[Event "Wch Seniors 23rd 2013"]
[Site "Opatija"]
[Date "2013.11.20"]
[Round "8.12"]
[White "Lederman, Leon"]
[Black "Suba, Mihai"]
[Result "0-1"]
[WhiteElo "2245"]
[BlackElo "2413"]
[PlyCount "94"]
[EventDate "2013.11.12"]

1. e4 c5 2. Nf3 d6 3. d4 Nf6 4. Nc3 cxd4 5. Nxd4 e6 6. f4 a6 7. Qf3 Qb6 8. Nb3
Qc7 9. Be3 b5 10. Bd3 Bb7 11. g4 d5 12. g5 b4 13. Nxd5 Nxd5 14. exd5 Bxd5 15.
Be4 Bxe4 16. Qxe4 Qc6 17. Qxc6+ Nxc6 18. O-O-O Be7 19. Bc5 a5 20. a4 bxa3 21.
bxa3 a4 22. Bxe7 Kxe7 23. Nd4 Rhc8 24. Rhe1 Ra5 25. Nxc6+ Rxc6 26. Re4 Rac5 27.
Rd2 Rc4 28. Red4 Rc7 29. Kd1 f5 30. c3 Rxc3 31. Rxa4 Rc1+ 32. Ke2 Rh1 33. Kf3
Kf7 34. Re2 Ra1 35. Ra6 Rf1+ 36. Rf2 Ra1 37. Re2 Rf1+ 38. Rf2 Re1 39. Re2 Rc3+
40. Kf2 Rxe2+ 41. Kxe2 Rh3 42. Ra7+ Kg6 43. Re7 Rxh2+ 44. Kf3 Rh3+ 45. Kf2 Rxa3
46. Rxe6+ Kh5 47. Re7 g6 0-1

[Event "Wch Seniors 23rd 2013"]
[Site "Opatija"]
[Date "2013.11.20"]
[Round "8.14"]
[White "Lind, Jan-Olof"]
[Black "Karasev, Vladimir I"]
[Result "0-1"]
[WhiteElo "2238"]
[BlackElo "2377"]
[PlyCount "92"]
[EventDate "2013.11.12"]

1. e4 c5 2. Nf3 g6 3. d3 Bg7 4. g3 Nc6 5. Bg2 d6 6. O-O e5 7. c3 Nge7 8. a3 h6
9. b4 O-O 10. Nbd2 a6 11. Rb1 cxb4 12. cxb4 b5 13. Bb2 Be6 14. d4 exd4 15. Nb3
Bc4 16. Re1 d3 17. Bxg7 Kxg7 18. Bf1 Ne5 19. Nfd4 Qb6 20. Kg2 f5 21. f4 Ng4 22.
h3 Bxb3 23. Rxb3 Qxd4 24. hxg4 fxe4 25. Bxd3 d5 26. Qb1 Rac8 27. Bf1 Qd2+ 28.
Re2 Qc1 29. Qxc1 Rxc1 30. a4 Rfc8 31. axb5 axb5 32. Ra3 Nc6 33. Rd2 Nxb4 34.
Ra7+ R8c7 35. Rxc7+ Rxc7 36. Rd4 Nc2 37. Rd2 Ne3+ 38. Kf2 Nxf1 39. Kxf1 Rc5 40.
Ke2 b4 41. Ra2 d4 42. Ra7+ Kf6 43. Rb7 Rc2+ 44. Kd1 d3 45. Rb6+ Kf7 46. Rxb4 e3
0-1

[Event "Wch Seniors 23rd 2013"]
[Site "Opatija"]
[Date "2013.11.20"]
[Round "8.15"]
[White "Gergel, Vladimir P"]
[Black "Pritchett, Craig W"]
[Result "0-1"]
[WhiteElo "2237"]
[BlackElo "2359"]
[PlyCount "88"]
[EventDate "2013.11.12"]

1. e4 c5 2. Nf3 e6 3. d3 Nc6 4. g3 Nf6 5. Bg2 Be7 6. O-O O-O 7. c4 d6 8. Nc3 a6
9. h3 Rb8 10. Nh2 b5 11. b3 Nd4 12. Ne2 Bb7 13. Nxd4 cxd4 14. f4 bxc4 15. bxc4
Nd7 16. g4 Qa5 17. Rf2 Bc6 18. Bf1 Bh4 19. Re2 Qc3 20. Bd2 Qxd3 21. Re3 Bf2+
22. Kg2 Bxe4+ 23. Nf3 Qxd2 24. Qxd2 Bxe3 25. Qe2 f5 26. Kg3 fxg4 27. hxg4 Bxf4+
28. Kh3 Bxf3 29. Qxf3 Ne5 30. Qa3 Rf6 31. g5 Bxg5 32. Qxd6 Rf3+ 33. Kg2 Rb2+
34. Kh1 Rf6 35. Qd8+ Rf8 36. Qxg5 Rh2+ 37. Kxh2 Nf3+ 38. Kg3 Nxg5 39. Bg2 Rc8
40. Rc1 Rc5 41. Kf4 h6 42. Bf1 Kf7 43. Rb1 Kf6 44. Rb6 Rf5+ 0-1

[Event "Wch Seniors 23rd 2013"]
[Site "Opatija"]
[Date "2013.11.20"]
[Round "8.16"]
[White "Barle, Janez"]
[Black "Nukin, Tolegen"]
[Result "0-1"]
[WhiteElo "2356"]
[BlackElo "2208"]
[PlyCount "73"]
[EventDate "2013.11.12"]

1. e4 e5 2. f4 exf4 3. Nf3 d6 4. d4 g5 5. h4 g4 6. Ng1 f5 7. Bxf4 fxe4 8. Nc3
Nf6 9. Qd2 d5 10. O-O-O c6 11. Nge2 Nh5 12. Be5 Rg8 13. g3 Nd7 14. Bg2 Qe7 15.
Bxe4 Nxe5 16. dxe5 Be6 17. Bg2 O-O-O 18. Kb1 Kc7 19. Qd3 Bh6 20. Nd4 Rgf8 21.
Rhf1 Rd7 22. Rxf8 Bxf8 23. Rf1 Bg7 24. Qe3 Bg8 25. Rf5 Bf7 26. Rxf7 Qxf7 27. e6
Re7 28. Ndb5+ Kd8 29. Qxa7 Qxe6 30. Qa8+ Qc8 31. Qa5+ Kd7 32. a4 Re1+ 33. Ka2
cxb5 34. Bxd5 Bxc3 35. Qxb5+ Kd6 36. Bxb7 Qe6+ 37. b3 0-1

[Event "Wch Seniors 23rd 2013"]
[Site "Opatija"]
[Date "2013.11.20"]
[Round "8.18"]
[White "Furman, Boris"]
[Black "Wahlbom, Magnus"]
[Result "1/2-1/2"]
[WhiteElo "2194"]
[BlackElo "2304"]
[PlyCount "76"]
[EventDate "2013.11.12"]

1. d4 Nf6 2. c4 e6 3. Nc3 c5 4. d5 exd5 5. cxd5 d6 6. Nf3 g6 7. Bg5 Bg7 8. e3
a6 9. a4 h6 10. Bh4 g5 11. Bg3 Nh5 12. Bd3 O-O 13. Nd2 Nxg3 14. hxg3 Nd7 15.
Qc2 Qe7 16. O-O Rb8 17. a5 Ne5 18. Bh7+ Kh8 19. Bf5 Bxf5 20. Qxf5 b5 21. axb6
Rxb6 22. Ra2 g4 23. b3 Qg5 24. Qxg5 hxg5 25. Na4 Rb4 26. Nb2 Ra8 27. Nbc4 Nxc4
28. Nxc4 Bf8 29. Rfa1 Rxb3 30. Rxa6 Rb1+ 31. Rxb1 Rxa6 32. Rb6 Ra1+ 33. Kh2 Rd1
34. e4 Rd4 35. Nxd6 Bxd6 36. Rxd6 Rxe4 37. Rc6 c4 38. d6 Rd4 1/2-1/2

[Event "Wch Seniors 23rd 2013"]
[Site "Opatija"]
[Date "2013.11.20"]
[Round "8.19"]
[White "Shevelev, Arkady"]
[Black "Samartsev, Alexander"]
[Result "1-0"]
[WhiteElo "2302"]
[BlackElo "2160"]
[PlyCount "89"]
[EventDate "2013.11.12"]

1. e4 c5 2. Nf3 d6 3. d4 cxd4 4. Nxd4 Nf6 5. Nc3 g6 6. g3 Bg7 7. Bg2 O-O 8. O-O
Nc6 9. Nde2 Rb8 10. a4 a6 11. Nd5 Na5 12. Ra2 e6 13. Nxf6+ Bxf6 14. b3 b5 15.
axb5 axb5 16. Nd4 d5 17. exd5 exd5 18. Bb2 Bb7 19. Qf3 Bg7 20. Qc3 b4 21. Qc5
Bxd4 22. Qxd4 f6 23. Qc5 Nc6 24. Qxd5+ Qxd5 25. Bxd5+ Kg7 26. Re1 Rbd8 27. Bf3
Rf7 28. Raa1 Rd2 29. Re2 Rfd7 30. Rxd2 Rxd2 31. Be4 Rd7 32. f3 Kf7 33. Re1 f5
34. Bd3 Nd4 35. Bxd4 Rxd4 36. Kf2 f4 37. Re5 Kf6 38. Rb5 Bd5 39. gxf4 Ba8 40.
Rb6+ Ke7 41. Ke3 Rd7 42. Rxb4 Ra7 43. Ra4 Rxa4 44. bxa4 Bc6 45. a5 1-0

[Event "Wch Seniors 23rd 2013"]
[Site "Opatija"]
[Date "2013.11.20"]
[Round "8.20"]
[White "Thormann, Wolfgang"]
[Black "Serra Olives, Tomas"]
[Result "1/2-1/2"]
[WhiteElo "2271"]
[BlackElo "2169"]
[PlyCount "63"]
[EventDate "2013.11.12"]

1. e4 c5 2. Nc3 Nc6 3. f4 e6 4. Nf3 a6 5. d3 d5 6. g3 g6 7. Qe2 Nge7 8. Qf2 d4
9. Ne2 Bg7 10. g4 f5 11. gxf5 exf5 12. e5 Nd5 13. a3 Qd7 14. Bd2 Nd8 15. h4 Ne6
16. Ng5 b6 17. Bg2 Nxg5 18. hxg5 Bb7 19. Rh2 O-O-O 20. O-O-O h5 21. gxh6 Rxh6
22. Rxh6 Bxh6 23. Qg3 Qf7 24. Rh1 Rh8 25. Ng1 Nc7 26. Bxb7+ Kxb7 27. Qg2+ Qd5
28. Qxd5+ Nxd5 29. Kd1 Bg7 30. Rxh8 Bxh8 31. Nf3 Kc6 32. Ke2 1/2-1/2

[Event "Wch Seniors 23rd 2013"]
[Site "Opatija"]
[Date "2013.11.20"]
[Round "8.21"]
[White "Vogel, Jaap"]
[Black "Kiefer, Gerhard"]
[Result "1/2-1/2"]
[WhiteElo "2191"]
[BlackElo "2271"]
[PlyCount "46"]
[EventDate "2013.11.12"]

1. d4 Nf6 2. Nf3 c5 3. d5 g6 4. Nc3 Bg7 5. e4 d6 6. Be2 O-O 7. O-O Na6 8. Nd2
Nc7 9. a4 b6 10. Nc4 Ba6 11. Re1 Bxc4 12. Bxc4 a6 13. f4 Nd7 14. Bd2 Rb8 15.
Qf3 b5 16. Bf1 b4 17. Nd1 e6 18. c3 exd5 19. exd5 bxc3 20. Bxc3 Bxc3 21. bxc3
Qf6 22. Nf2 Qd8 23. Bc4 Re8 1/2-1/2

[Event "Wch Seniors 23rd 2013"]
[Site "Opatija"]
[Date "2013.11.20"]
[Round "8.22"]
[White "Vokoun, Jan"]
[Black "La Rota, Fabio"]
[Result "1/2-1/2"]
[WhiteElo "2185"]
[BlackElo "2258"]
[PlyCount "102"]
[EventDate "2013.11.12"]

1. e4 c6 2. d4 d5 3. exd5 cxd5 4. c4 Nf6 5. Nc3 e6 6. Nf3 Bb4 7. Bd3 dxc4 8.
Bxc4 O-O 9. O-O Nbd7 10. Qd3 b6 11. a3 Be7 12. Re1 Bb7 13. Qe2 h6 14. Bf4 a6
15. Ne5 Nxe5 16. dxe5 Nd7 17. Ne4 b5 18. Ba2 Re8 19. Red1 Bc6 20. Rac1 Bb7 21.
Nd6 Bxd6 22. Rxd6 Re7 23. Qd3 Qe8 24. h4 Nf8 25. h5 Rc8 26. Rd1 Rec7 27. Bb1
Qe7 28. Qg3 Kh8 29. R6d4 Bd5 30. Be3 Rc4 31. Rxc4 Bxc4 32. b4 Rd8 33. Rd6 Be2
34. f3 Qc7 35. Qf4 Rxd6 36. exd6 Qd7 37. Qe4 Qxd6 38. Bc5 Qd1+ 39. Kf2 Qf1+ 40.
Ke3 Kg8 41. Qa8 Qxb1 42. Qxf8+ Kh7 43. Kxe2 Qc2+ 44. Kf1 Qd1+ 45. Kf2 Qd2+ 46.
Kg3 Qg5+ 47. Kh2 Qh4+ 48. Kg1 Qe1+ 49. Kh2 Qh4+ 50. Kg1 Qe1+ 51. Kh2 Qh4+
1/2-1/2

[Event "Wch Seniors 23rd 2013"]
[Site "Opatija"]
[Date "2013.11.20"]
[Round "8.23"]
[White "Jorgensen, Jorgen"]
[Black "Jackson, Oliver A"]
[Result "1-0"]
[WhiteElo "2257"]
[BlackElo "2154"]
[PlyCount "91"]
[EventDate "2013.11.12"]

1. Nf3 d6 2. d4 Bg4 3. e4 Nd7 4. c4 e5 5. Be2 Ngf6 6. Nc3 Be7 7. Be3 c6 8. O-O
O-O 9. h3 Bh5 10. Qc2 Re8 11. Rad1 Bf8 12. d5 Bg6 13. Nd2 cxd5 14. cxd5 Rc8 15.
Qb3 b6 16. Bb5 Re7 17. f3 Nh5 18. Qa3 Nc5 19. b4 Nd7 20. Ba6 Rb8 21. Nb5 Ndf6
22. Rc1 Ne8 23. Rc6 Ng3 24. Re1 Rd7 25. Qc3 f5 26. Bc8 fxe4 27. Bxd7 Qxd7 28.
Bf2 e3 29. Bxg3 exd2 30. Qxd2 a6 31. Nc3 Bf7 32. Ne4 Nc7 33. Rec1 Nxd5 34. Ng5
h6 35. Nxf7 Qxf7 36. Rd1 Nf6 37. Qe2 Qg6 38. Bf2 b5 39. Rxa6 Rc8 40. Qxb5 Rc2
41. Qd3 Qxd3 42. Rxd3 d5 43. b5 e4 44. Rb3 d4 45. Bxd4 exf3 46. Rxf3 1-0

[Event "Wch Seniors 23rd 2013"]
[Site "Opatija"]
[Date "2013.11.20"]
[Round "8.24"]
[White "Archangelsky, Mikhail"]
[Black "Turikov, Viktor"]
[Result "0-1"]
[WhiteElo "2162"]
[BlackElo "2256"]
[PlyCount "72"]
[EventDate "2013.11.12"]

1. d4 d6 2. e4 Nf6 3. Nc3 Nc6 4. h3 a6 5. Nf3 e6 6. Be3 Be7 7. Bd3 O-O 8. a3 b5
9. O-O Bb7 10. Nd2 e5 11. d5 Nb8 12. Qe2 c6 13. dxc6 Bxc6 14. Rad1 Nbd7 15. Bg5
h6 16. Bxf6 Nxf6 17. Rfe1 Nd7 18. Qg4 Nc5 19. Bf1 Bg5 20. Nf3 Bf6 21. Nd5 g6
22. Nh2 Bg7 23. g3 Kh7 24. Bg2 Ra7 25. Qe2 a5 26. Nf1 Qb8 27. c3 Bd7 28. Kh2
Be6 29. Nfe3 f5 30. exf5 gxf5 31. Qc2 a4 32. Bf1 Kh8 33. Qe2 f4 34. Nc2 fxg3+
35. fxg3 Raf7 36. Qxb5 Rf2+ 0-1

[Event "Wch Seniors 23rd 2013"]
[Site "Opatija"]
[Date "2013.11.20"]
[Round "8.25"]
[White "Blechzin, Igor"]
[Black "Carlsten, Peter"]
[Result "1-0"]
[WhiteElo "2411"]
[BlackElo "1997"]
[PlyCount "67"]
[EventDate "2013.11.12"]

1. Nf3 f5 2. g3 Nf6 3. Bg2 g6 4. O-O Bg7 5. d3 O-O 6. e4 fxe4 7. dxe4 d6 8. e5
Ng4 9. exd6 cxd6 10. Nc3 Nc6 11. Nd5 Nge5 12. Nxe5 Bxe5 13. c3 e6 14. Ne3 Bg7
15. h4 d5 16. Ng4 Qb6 17. h5 gxh5 18. Nh6+ Kh8 19. Qxh5 Ne5 20. Be3 Qd8 21. Bc5
Rf6 22. Be3 Rf8 23. Bd4 Ng6 24. Bxg7+ Kxg7 25. Ng4 e5 26. Rad1 Qb6 27. Qh6+ Kg8
28. Bxd5+ Be6 29. Qg5 Bxd5 30. Rxd5 Rae8 31. Nxe5 Rxe5 32. Rxe5 Qxb2 33. Rb5
Qxa2 34. Rxb7 1-0

[Event "Wch Seniors 23rd 2013"]
[Site "Opatija"]
[Date "2013.11.20"]
[Round "8.26"]
[White "Stepovoj, Vladimir"]
[Black "Norman, Kenneth I"]
[Result "1-0"]
[WhiteElo "2345"]
[BlackElo "2173"]
[PlyCount "103"]
[EventDate "2013.11.12"]

1. d4 Nf6 2. c4 g6 3. g3 Bg7 4. Bg2 d5 5. cxd5 Nxd5 6. Nf3 Nb6 7. O-O Nc6 8. e3
O-O 9. Nc3 Re8 10. d5 Na5 11. Nd4 Bd7 12. Qc2 c5 13. Nde2 c4 14. e4 Nc8 15. b4
cxb3 16. axb3 Nd6 17. Qa2 b6 18. Bf4 Rc8 19. Rac1 Nab7 20. Rfd1 Nb5 21. Nxb5
Bxb5 22. Rxc8 Qxc8 23. Rc1 Nc5 24. b4 Qa6 25. Qxa6 Nxa6 26. Nc3 Bxc3 27. Rxc3
Nxb4 28. Rc7 Nd3 29. Be3 Nc5 30. Rxa7 Bd3 31. e5 Bb5 32. f4 Kf8 33. Rc7 Na4 34.
Bc1 Nc5 35. Ba3 Nd7 36. d6 e6 37. Kf2 Rb8 38. Ke3 Ke8 39. g4 Kd8 40. Bb7 h6 41.
h4 Ba4 42. g5 h5 43. Kd4 Bb5 44. Kc3 Rxb7 45. Rxb7 Bc6 46. Rc7 Bd5 47. Kb4 Be4
48. Bb2 Bf3 49. Bd4 Be4 50. Rc3 Bg2 51. Rg3 Bc6 52. Bxb6+ 1-0

[Event "Wch Seniors 23rd 2013"]
[Site "Opatija"]
[Date "2013.11.20"]
[Round "8.28"]
[White "Kostanjsek, Zorko"]
[Black "Herbrechtsmeier, Christof"]
[Result "1/2-1/2"]
[WhiteElo "2177"]
[BlackElo "2302"]
[PlyCount "106"]
[EventDate "2013.11.12"]

1. e4 c5 2. c3 d5 3. d3 b6 4. Qa4+ Bd7 5. Qc2 Bc6 6. Nf3 Qc7 7. exd5 Bxd5 8.
Be2 e6 9. Na3 a6 10. O-O Nd7 11. Nc4 h6 12. Re1 g5 13. Ne3 Bb7 14. d4 Ngf6 15.
Bd2 Be7 16. Rad1 b5 17. Bc1 Be4 18. Bd3 Bxf3 19. gxf3 O-O-O 20. a4 c4 21. Be2
Nb6 22. axb5 axb5 23. b3 Nfd5 24. bxc4 bxc4 25. Bd2 Bd6 26. Qa2 Nxe3 27. Qa6+
Kd7 28. Bxe3 Ra8 29. Qb5+ Qc6 30. Rb1 Rhb8 31. Rec1 Qxb5 32. Rxb5 Ra2 33. Bf1
Nd5 34. Rxb8 Bxb8 35. Bxc4 Ra3 36. Bxd5 exd5 37. Rb1 Bd6 38. Bd2 Ra2 39. Be1
Kc6 40. h3 Rc2 41. Rb3 h5 42. Kf1 h4 43. Rb1 f5 44. Kg2 Bf4 45. Ra1 Rc1 46.
Ra6+ Kb5 47. Re6 Kc4 48. Re8 Kd3 49. Re7 Rc2 50. Kf1 Rc1 51. Kg2 Rc2 52. Kf1
Ra2 53. Re8 Rc2 1/2-1/2

[Event "Wch Seniors 23rd 2013"]
[Site "Opatija"]
[Date "2013.11.20"]
[Round "8.29"]
[White "Altshul, Raffael"]
[Black "Hess, Christian"]
[Result "1-0"]
[WhiteElo "2150"]
[BlackElo "2285"]
[PlyCount "57"]
[EventDate "2013.11.12"]

1. d4 d5 2. c4 c6 3. e3 Nf6 4. Bd3 e5 5. dxe5 dxc4 6. Be2 Qxd1+ 7. Bxd1 Ng4 8.
f4 Bc5 9. Ke2 Bf5 10. Nc3 Bd3+ 11. Kf3 h5 12. Nh3 Nd7 13. Ng5 f6 14. exf6 Ndxf6
15. h3 Nd5 16. Re1 Nxc3 17. bxc3 Nf6 18. e4 O-O-O 19. e5 Rhe8 20. Kg3 h4+ 21.
Kf3 Bg6 22. g4 hxg3 23. Kxg3 Rd3+ 24. Kg2 Nh5 25. Bg4+ Kb8 26. f5 Rg3+ 27. Kh2
Rf8 28. Bxh5 Rxf5 29. Bxg6 1-0

[Event "Wch Seniors 23rd 2013"]
[Site "Opatija"]
[Date "2013.11.20"]
[Round "8.30"]
[White "Kolbak, Jens"]
[Black "Mclaren, Brian"]
[Result "1/2-1/2"]
[WhiteElo "2271"]
[BlackElo "2158"]
[PlyCount "59"]
[EventDate "2013.11.12"]

1. d4 d5 2. Nf3 c6 3. Bf4 Bg4 4. Nbd2 Nd7 5. h3 Bh5 6. e3 e6 7. Be2 f5 8. g4
Bf7 9. Ng5 Ngf6 10. Nxf7 Kxf7 11. g5 Ne4 12. Nxe4 fxe4 13. Qd2 Be7 14. Rg1 Re8
15. O-O-O Bf8 16. Bh5+ g6 17. Bg4 Bg7 18. h4 Rc8 19. f3 exf3 20. Bxf3 e5 21.
Bg3 Qe7 22. Bg4 Rcd8 23. Rde1 Nb6 24. Qd3 Kg8 25. c3 c5 26. Bxe5 Bxe5 27. dxe5
Nc4 28. e6 Ne5 29. Qe2 Nxg4 30. Rxg4 1/2-1/2

[Event "Wch Seniors 23rd 2013"]
[Site "Opatija"]
[Date "2013.11.20"]
[Round "8.31"]
[White "Gruzmann, Boris"]
[Black "Falk, Thomas"]
[Result "1/2-1/2"]
[WhiteElo "2249"]
[BlackElo "2131"]
[PlyCount "55"]
[EventDate "2013.11.12"]

1. e4 e5 2. Nf3 Nc6 3. Bb5 a6 4. Ba4 Nf6 5. O-O Be7 6. Re1 b5 7. Bb3 d6 8. c3
O-O 9. d4 Bg4 10. d5 Nb8 11. h3 Bc8 12. a4 Bb7 13. axb5 axb5 14. Rxa8 Bxa8 15.
Bg5 c6 16. dxc6 Bxc6 17. Nbd2 Nbd7 18. Bc2 Re8 19. Qe2 Nc5 20. Ra1 Qc7 21. Nh2
Ne6 22. Be3 d5 23. exd5 Nxd5 24. Be4 Nxe3 25. Bxc6 Qxc6 26. Qxe3 f6 27. Nhf1
Rd8 28. Qf3 1/2-1/2

[Event "Wch Seniors 23rd 2013"]
[Site "Opatija"]
[Date "2013.11.20"]
[Round "8.32"]
[White "Kaminik, Aleksandar"]
[Black "Brinck-Claussen, Bjorn"]
[Result "0-1"]
[WhiteElo "2138"]
[BlackElo "2248"]
[PlyCount "56"]
[EventDate "2013.11.12"]

1. d4 Nf6 2. c4 e6 3. Nc3 Bb4 4. e3 O-O 5. Bd3 d5 6. cxd5 exd5 7. Nge2 Re8 8.
O-O Nbd7 9. Bd2 Bd6 10. f3 c5 11. Qe1 a6 12. Qh4 Nf8 13. Rac1 Ng6 14. Qf2 c4
15. Bb1 Qc7 16. Kh1 b5 17. a3 Bb7 18. Ng3 Bc6 19. Rce1 a5 20. e4 Bxg3 21. hxg3
dxe4 22. Nxe4 Nd5 23. f4 Nf8 24. f5 Nd7 25. g4 N5f6 26. Bf4 Nxe4 27. Bxe4 Qb7
28. Qf3 Rxe4 0-1

[Event "Wch Seniors 23rd 2013"]
[Site "Opatija"]
[Date "2013.11.20"]
[Round "8.34"]
[White "Medancic, Rikard"]
[Black "Nickl, Klaus"]
[Result "1-0"]
[WhiteElo "2244"]
[BlackElo "2122"]
[PlyCount "142"]
[EventDate "2013.11.12"]

1. g3 Nf6 2. Bg2 d5 3. c4 e6 4. Nf3 Be7 5. O-O O-O 6. d4 c6 7. Nbd2 Ne4 8. Qc2
f5 9. Ne5 Nd7 10. cxd5 Nxe5 11. d6 Nxd6 12. dxe5 Nf7 13. f4 g5 14. Kh1 gxf4 15.
gxf4 Kh8 16. Nf3 Qb6 17. Bd2 Bd7 18. b4 Rac8 19. Rab1 Qa6 20. Be3 b6 21. a4 Rc7
22. Rfc1 Qc8 23. Qc4 c5 24. b5 Bd8 25. Nd2 Rg8 26. Bf3 Nh6 27. h3 Bh4 28. Rg1
Rxg1+ 29. Rxg1 Qd8 30. Qd3 Be8 31. Qxd8 Bxd8 32. Nc4 Bd7 33. Rd1 Be7 34. Kg2
Kg7 35. Kf2 Kf8 36. Ke1 Nf7 37. Kd2 Be8 38. Kc2 a6 39. Rb1 axb5 40. axb5 Ra7
41. Nxb6 Ra5 42. Bc6 Nd8 43. Bxe8 Kxe8 44. Nc4 Ra4 45. Kd3 Nb7 46. Bd2 Kf7 47.
Bc3 Kg6 48. Rg1+ Kf7 49. Ra1 Rxa1 50. Bxa1 Kg6 51. Ke3 Kh5 52. Kf3 Kh4 53. Kg2
Kh5 54. Bc3 Kg6 55. Kf3 Kf7 56. e4 fxe4+ 57. Kxe4 Ke8 58. f5 Kd7 59. Bd2 exf5+
60. Kxf5 Bh4 61. e6+ Ke7 62. Bf4 Ke8 63. Ke4 Ke7 64. Kd5 Bf2 65. b6 h5 66. Bg5+
Ke8 67. Kc6 Nd8+ 68. Bxd8 Kxd8 69. b7 Bg3 70. Nd6 Bxd6 71. Kxd6 c4 1-0

[Event "Wch Seniors 23rd 2013"]
[Site "Opatija"]
[Date "2013.11.20"]
[Round "8.35"]
[White "Grabow, Pouelsten Holm"]
[Black "Giulian, Philip M"]
[Result "1/2-1/2"]
[WhiteElo "2157"]
[BlackElo "2244"]
[PlyCount "23"]
[EventDate "2013.11.12"]

1. d4 d5 2. c4 e6 3. Nf3 Nf6 4. e3 Be7 5. b3 O-O 6. Be2 c5 7. dxc5 Bxc5 8. O-O
dxc4 9. Bxc4 Nc6 10. Bb2 b6 11. Nc3 Bb7 12. Qe2 1/2-1/2

[Event "Wch Seniors 23rd 2013"]
[Site "Opatija"]
[Date "2013.11.20"]
[Round "8.37"]
[White "Giesen, Dieter"]
[Black "Kiselev, Alexander"]
[Result "0-1"]
[WhiteElo "2235"]
[BlackElo "2113"]
[PlyCount "56"]
[EventDate "2013.11.12"]

1. e4 e5 2. Nf3 Nc6 3. Bb5 Bc5 4. O-O Nd4 5. Nxd4 Bxd4 6. c3 Bb6 7. d3 c6 8.
Ba4 Nf6 9. Bg5 h6 10. Bh4 g5 11. Bg3 d6 12. Kh1 h5 13. h4 Ng4 14. Qd2 gxh4 15.
Bh2 h3 16. g3 Qf6 17. f3 h4 18. Na3 hxg3 19. Bxg3 Ne3 20. Rf2 Rg8 21. Rg1 Ng2
22. Bh2 Bxf2 23. Qxf2 Bg4 24. Rf1 Bh5 25. Bd1 Nf4 26. Nc4 Rg2 27. Qe3 Qg6 28.
Bxf4 Rh2+ 0-1

[Event "Wch Seniors 23rd 2013"]
[Site "Opatija"]
[Date "2013.11.20"]
[Round "8.38"]
[White "Postler, Reinhard"]
[Black "Gamboa, Anibal"]
[Result "1/2-1/2"]
[WhiteElo "2232"]
[BlackElo "2096"]
[PlyCount "61"]
[EventDate "2013.11.12"]

1. e4 Nf6 2. e5 Nd5 3. d4 d6 4. c4 Nb6 5. exd6 exd6 6. Nc3 g6 7. h3 Bg7 8. Nf3
O-O 9. Be2 Nc6 10. O-O Bf5 11. Be3 d5 12. c5 Nc8 13. Qd2 Re8 14. Rfd1 N8e7 15.
Ne1 Be6 16. Nc2 Nf5 17. Bg5 Qd7 18. Bb5 a6 19. Ba4 h6 20. Bf4 g5 21. Be5 Nh4
22. Bg3 Nf5 23. Be5 f6 24. Bh2 Nh4 25. Bg3 Nf5 26. Bh2 Nh4 27. Qd3 Kh8 28. Kh1
Re7 29. Bg3 Nf5 30. Bh2 Nh4 31. Bg3 1/2-1/2

[Event "Wch Seniors 23rd 2013"]
[Site "Opatija"]
[Date "2013.11.20"]
[Round "8.39"]
[White "Dogantug, Ahmet Ismail"]
[Black "Hammar, Bengt"]
[Result "1-0"]
[WhiteElo "2117"]
[BlackElo "2231"]
[PlyCount "69"]
[EventDate "2013.11.12"]

1. e4 c5 2. Nf3 d6 3. Nc3 Nf6 4. d4 cxd4 5. Nxd4 a6 6. Be3 b5 7. a4 bxa4 8.
Rxa4 e6 9. Bd3 Nbd7 10. O-O Bb7 11. Nb3 Nc5 12. Nxc5 dxc5 13. Qe2 Bd6 14. Bxa6
Bxa6 15. Rxa6 O-O 16. Rd1 Bxh2+ 17. Kxh2 Qc7+ 18. Kg1 Ng4 19. Rad6 f5 20. exf5
exf5 21. Qc4+ Kh8 22. Qxc5 Qe7 23. Rd7 Qh4 24. Bf4 Nf6 25. Be5 Nxd7 26. Rxd7
Rf7 27. g3 Qh5 28. Qa7 Raf8 29. Rxf7 Qxf7 30. Qxf7 Rxf7 31. Nd5 Ra7 32. c4 Ra1+
33. Kg2 Rc1 34. Bc3 Kg8 35. Ne7+ 1-0

[Event "Wch Seniors 23rd 2013"]
[Site "Opatija"]
[Date "2013.11.20"]
[Round "8.40"]
[White "Trois, Francisco R.T"]
[Black "Chirinos, Cleren"]
[Result "1-0"]
[WhiteElo "2229"]
[BlackElo "2059"]
[PlyCount "86"]
[EventDate "2013.11.12"]

1. c4 c5 2. Nf3 Nc6 3. Nc3 g6 4. e3 Nf6 5. d4 cxd4 6. Nxd4 Bg7 7. Nc2 O-O 8.
Be2 b6 9. O-O Bb7 10. e4 Rc8 11. f3 Na5 12. b3 Nxe4 13. Nxe4 d5 14. cxd5 Rxc2
15. Qxc2 Bxa1 16. Bh6 Bg7 17. Bxg7 Kxg7 18. b4 Qxd5 19. Qc3+ Kg8 20. bxa5 Rc8
21. Qb3 Qxa5 22. Rd1 Bxe4 23. fxe4 Qc5+ 24. Kh1 Qe5 25. Bc4 e6 26. Qd3 Kg7 27.
h3 Rc5 28. a4 h5 29. Bb5 Qg5 30. Qd4+ e5 31. Qd2 Qh4 32. Rf1 Qxe4 33. Be8 f5
34. Qd7+ Kh6 35. Qf7 f4 36. Qf8+ Kg5 37. Qe7+ Kh6 38. h4 Qf5 39. Rd1 f3 40.
Bxg6 fxg2+ 41. Kg1 Qxg6 42. Qf8+ Qg7 43. Rd6+ Kh7 1-0

[Event "Wch Seniors 23rd 2013"]
[Site "Opatija"]
[Date "2013.11.20"]
[Round "8.41"]
[White "Ashby, Anthony C"]
[Black "Wittmann, Walter"]
[Result "1/2-1/2"]
[WhiteElo "2121"]
[BlackElo "2224"]
[PlyCount "22"]
[EventDate "2013.11.12"]

1. e4 c5 2. c3 d5 3. exd5 Qxd5 4. d4 Nf6 5. Nf3 Nc6 6. Be3 e5 7. dxe5 Qxd1+ 8.
Kxd1 Ng4 9. Nbd2 Ncxe5 10. Nxe5 Nxe5 11. Bb5+ Bd7 1/2-1/2

[Event "Wch Seniors 23rd 2013"]
[Site "Opatija"]
[Date "2013.11.20"]
[Round "8.42"]
[White "Fucak, Emilijo"]
[Black "Christiansen, Arne"]
[Result "1-0"]
[WhiteElo "2223"]
[BlackElo "2117"]
[PlyCount "99"]
[EventDate "2013.11.12"]

1. e4 d6 2. d4 Nf6 3. Nd2 g6 4. Ngf3 Bg7 5. Bc4 O-O 6. Qe2 c6 7. e5 dxe5 8.
dxe5 Nd5 9. O-O Be6 10. Ng5 Nf4 11. Qe4 Bxc4 12. Nxc4 Ne6 13. Qh4 Nxg5 14. Bxg5
f6 15. exf6 exf6 16. Be3 Na6 17. Rad1 Qe7 18. Na5 Rf7 19. c3 Qe6 20. Qa4 c5 21.
Rfe1 Qc8 22. Kf1 h5 23. h3 Kh7 24. Re2 Nc7 25. Bc1 b6 26. Nc6 Qa6 27. Qxa6 Nxa6
28. Nd8 Rf8 29. Ne6 Rf7 30. Bf4 Rc8 31. Nd8 Rf8 32. Nb7 Nb8 33. Bxb8 Rxb8 34.
Rd7 Rfe8 35. Rxe8 Rxe8 36. Nd6 Ra8 37. Rb7 Rd8 38. Nc4 Ra8 39. Nd6 Rd8 40. Ne4
Kh6 41. g4 hxg4 42. hxg4 Rd1+ 43. Kg2 Re1 44. Ng3 Rb1 45. b3 Rb2 46. Rxa7 f5
47. gxf5 Bxc3 48. Ne4 Bd4 49. f6 b5 50. Ra8 1-0

[Event "Wch Seniors 23rd 2013"]
[Site "Opatija"]
[Date "2013.11.20"]
[Round "8.44"]
[White "Schouten, Nico"]
[Black "Toefferl, Heimo"]
[Result "0-1"]
[WhiteElo "2201"]
[BlackElo "2089"]
[PlyCount "116"]
[EventDate "2013.11.12"]

1. d4 e6 2. Nf3 d5 3. e3 c6 4. c4 Bd6 5. Nc3 f5 6. Be2 Ne7 7. Qc2 O-O 8. Bd2
Nd7 9. a3 a5 10. Ng5 Nf6 11. c5 Bc7 12. f4 Bd7 13. O-O Kh8 14. b4 h6 15. Nf3
axb4 16. axb4 Ne4 17. Qb2 Be8 18. b5 Rxa1 19. Rxa1 Bh5 20. b6 Bb8 21. Na2 g5
22. Nb4 gxf4 23. exf4 Rg8 24. Ra8 Qf8 25. Be3 Qg7 26. Bd1 Nxc5 27. Ne5 Bxd1 28.
dxc5 Bxe5 29. Rxg8+ Kxg8 30. fxe5 Bg4 31. Bf4 Ng6 32. Qd4 Kh7 33. Kf2 Bh5 34.
Nd3 Bd1 35. Ne1 Bb3 36. Nf3 Bc2 37. Ne1 Be4 38. g3 Nf8 39. Qc3 Nd7 40. Ke3 Qg4
41. Kf2 Qd1 42. Be3 Qa4 43. Bd4 Qa2+ 44. Kg1 Qe2 45. Bf2 Qa2 46. Bd4 Kg6 47.
Qe3 Nf8 48. Bc3 Qb3 49. Ng2 Bxg2 50. Kxg2 Qc2+ 51. Kg1 Qe4 52. Qc1 Nd7 53. Bd2
Nxe5 54. Bxh6 Nf7 55. Bd2 Qe2 56. Bf4 e5 57. Be3 d4 58. Bd2 e4 0-1

[Event "Wch Seniors 23rd 2013"]
[Site "Opatija"]
[Date "2013.11.20"]
[Round "8.46"]
[White "Gundersen, Helge"]
[Black "Krstic, Slobodan"]
[Result "1/2-1/2"]
[WhiteElo "2183"]
[BlackElo "2027"]
[PlyCount "53"]
[EventDate "2013.11.12"]

1. f4 d5 2. Nf3 Nc6 3. e3 Bg4 4. Bb5 Qd6 5. O-O a6 6. Bxc6+ Qxc6 7. b3 O-O-O 8.
Bb2 Bxf3 9. Rxf3 f6 10. a4 e6 11. Na3 h5 12. Rc1 Nh6 13. c4 d4 14. exd4 Bxa3
15. Bxa3 Nf5 16. d5 exd5 17. Rfc3 d4 18. Rh3 g6 19. b4 Rhe8 20. b5 Qe6 21. c5
a5 22. Rf3 Qa2 23. Ra1 Qd5 24. Qb3 Qe4 25. Qd3 Qe6 26. Qb3 Qe4 27. Qd3 1/2-1/2